El materialismo histórico y la filosofía de Benedetto Croce
Gardado en:
| Autor Principal: | |
|---|---|
| Formato: | Libro |
| Idioma: | Lingua castelá |
| Publicado: |
Buenos Aires
Nueva Visión
2008
|
| Edición: | 1a. ed |
| Series: | Colección Teoría e Investigación en las Ciencias del Hombre
|
| Subjects: | |
| Tags: |
Engadir etiqueta
Sen Etiquetas, Sexa o primeiro en etiquetar este rexistro!
|
MARC
| LEADER | 00000nam a2200000 a 4500 | ||
|---|---|---|---|
| 001 | UCG6203 | ||
| 003 | CL-VaPUC | ||
| 008 | 110407e20080000AG |||||||||||||||||spa|d | ||
| 020 | |a 9789506020460 | ||
| 082 | 0 | 4 | |a 335.411 |b GRA |2 21 |
| 100 | 0 | |a Gramsci, Antonio |e author |9 310178 | |
| 245 | 1 | 3 | |a El materialismo histórico y la filosofía de Benedetto Croce |
| 250 | |a 1a. ed | ||
| 300 | |a 275 p | ||
| 942 | |c BK | ||
| 945 | |d 20110407 00:00:00 |a jcampos | ||
| 260 | |a Buenos Aires |b Nueva Visión |c 2008 | ||
| 600 | 0 | 7 | |a CROCE, BENEDETTO |2 CL-VaPUC |9 324684 |
| 650 | 0 | |a Filosofía de la historia |9 265651 | |
| 650 | 7 | |a MATERIALISMO HISTORICO |2 CL-VaPUC |9 257920 | |
| 583 | |a last modification |c 20120113 10:22:24 |k Rodrigo Vera | ||
| 490 | 0 | |a Colección Teoría e Investigación en las Ciencias del Hombre | |
| 999 | |c 344477 |d 344475 | ||
| 952 | |0 0 |1 0 |4 0 |6 335_411000000000000_GRA_2008 |7 0 |8 A |9 442463 |a BIBEDU |b BIBEDU |d 2019-11-22 |i 4765281 |o 335.411 GRA 2008 |p 4765281 |r 2019-11-22 |w 2019-11-22 |y BK |k FIL | ||